000 00319nam a22001337a 4500
008 170829b xxu||||| |||| 00| 0 eng d
020 _a9789632954004
041 _aeng
080 _a070
100 _a39
101 _aMED
245 _aMEDIA FREEDOM AND REGULATION IN THE NEW MEDIA WORLD
_cKOLTAY,A
942 _2udc
_cBK
999 _c25339
_d25339